| 000 | 00436nam a2200157Ia 4500 | ||
|---|---|---|---|
| 003 | OSt | ||
| 005 | 20230601151627.0 | ||
| 008 | 211028s2012 xx 000 0 und d | ||
| 040 | _cAIMIT LIBRARY | ||
| 041 | _aeng | ||
| 100 |
_aPinto, Carol Melita; Dsouza, Manibushan. _98336 _e101905 |
||
| 110 |
_aManibushan Dsouza _98337 |
||
| 245 | _aConcept generation for interactive perl tutor. | ||
| 260 |
_aMangalore _c2012 |
||
| 942 |
_2ddc _cPRO |
||
| 999 |
_c219837 _d219837 |
||